• 首页
  • 本馆介绍
  • 公告通知
  • 最新文献
  • 馆藏检索
  • 电子资源
  • 读者导购
  • 参考咨询
  • 我的图书馆
  • 登录
  • 详细信息显示
  • 放入我的书架
  • 预约/预借图书
  • 作者相关作品
  • 分类相关作品
  • 丛书相关作品
  • 出版社相关作品

书目信息

  • 表格格式
  • 工作单格式
  • 卡片格式
题名:
投资者法律保护与股权结构
    
 
作者: 何丹 著
分册:  
出版信息: 成都   西南财经大学出版社  2014
页数: 246页
开本: 21cm
丛书名:
单 册:
中图分类: D922.290.4
科图分类:
主题词: 股权结构--Gu Quan Jie Gou--关系--投资者--法律保护--研究--中国 , 关系--Guan Xi , 投资者--Tou Zi Zhe , 法律保护--Fa Lv Bao Hu , 研究--Yan Jiu , 中国--Zhong Guo
电子资源:
ISBN: 978-7-5504-1575-1
000 01379nam0 22003251 450
001 349541
005 20161008165650.40
010    @a978-7-5504-1575-1@dCNY48.00
100    @a20150302d2014 em y0chiy50 ea
101 0  @achi
102    @aCN@b510000
105    @ay z 000yy
106    @ar
200 1  @a投资者法律保护与股权结构@ATou Zi Zhe Fa Lv Bao Hu Yu Gu Quan Jie Gou@e理论与经验证据@dThe legal protection of investors and ownership structure@etheory and empirical evidence@f何丹著@zeng
210    @a成都@c西南财经大学出版社@d2014
215    @a246页@d21cm
300    @a国家社会科学基金青年项目 西南财经大学专著出版项目
330    @a本书主要从股权集中度与股权制衡两个方面讨论股权结构。本书基于双重代理理论,借鉴“法与金融”的系列研究成果,将股权结构、中小投资者法律保护与权益资本成本置于一个研究框架中进行理论分析与实证研究。
510 1  @aLegal protection of investors and ownership structure@etheory and empirical evidence@zeng
517 1  @a理论与经验证据@ALi Lun Yu Jing Yan Zheng Ju
606 0  @a股权结构@AGu Quan Jie Gou@x关系@x投资者@x法律保护@x研究@y中国
606 0  @a关系@AGuan Xi
606 0  @a投资者@ATou Zi Zhe
606 0  @a法律保护@AFa Lv Bao Hu
606 0  @a研究@AYan Jiu
606 0  @a中国@AZhong Guo
690    @aD922.290.4@v5
701  0 @a何丹@AHe Dan@4著
801  0 @aCN@bTANGWEI@20160730
905    @b0885530-4@dD922.290.4@e1320@f5
    
    投资者法律保护与股权结构:理论与经验证据=The legal protection of investors and ownership structure:theory and empirical evidence/何丹著.-成都:西南财经大学出版社,2014
    246页;21cm
    国家社会科学基金青年项目 西南财经大学专著出版项目
    
    ISBN 978-7-5504-1575-1:CNY48.00
    本书主要从股权集中度与股权制衡两个方面讨论股权结构。本书基于双重代理理论,借鉴“法与金融”的系列研究成果,将股权结构、中小投资者法律保护与权益资本成本置于一个研究框架中进行理论分析与实证研究。
●
相关链接 在E读中查询图书 在五车中查询图书 在当当中查询图书 在豆瓣中查询图书


正题名:投资者法律保护与股权结构     索取号:D922.290.4/1320         预约/预借

序号 登录号 条形码 馆藏地/架位号 状态 备注
1 0885530   208855309   第一样本阅览室/ [索取号:D922.290.4/1320] 在馆    
2 0885531   208855318   密集书库-史法系/ [索取号:D922.290.4/1320] 在馆    
3 0885532   208855327   第一借阅区/ [索取号:D922.290.4/1320] 在馆    
4 0885533   208855336   第一借阅区/ [索取号:D922.290.4/1320] 在馆    
5 0885534   208855345   第一借阅区/ [索取号:D922.290.4/1320] 在馆    
唐山师范学院图书馆 欢迎您!
大连网信软件有限公司© 版权所有